Stany USA większe od Polski - Statystyki

Ogólne statystyki
  • Ten quiz został rozwiązany 584 razy
  • Średni wynik to 4 z 5
Statystyki odpowiedzi
L.p. Stan Powierzchnia % Poprawnych
2 Teksas 678 km²
95%
3 Kalifornia 410 km²
92%
1 Alaska 1718 km²
91%
4 Montana 381 km²
60%
5 Nowy Meksyk 315 km²
57%
Nie znaleziono quizów pasujących do podanych kryteriów
Rozkład punktacji
Procent ludzi z każdym wynikiem
Percentyl według liczby udzielonych odpowiedzi
Twoja historia wyników
Nie rozwiązałeś tego quizu